| 000 | 00891nam a2200217 a 4500 | ||
|---|---|---|---|
| 003 | 0 | ||
| 005 | 20250415125246.0 | ||
| 008 | 970101s19uu xx 00 eng d | ||
| 050 |
_aPGS HQ 784.V53 _b.C559 2004 |
||
| 100 | _aChung, In Han. | ||
| 245 |
_aThe effects of playing video games to the studies of the grade six students of Southville International School and Colleges school year 2003-2004 / _cIn Han Chung. |
||
| 260 |
_aLas PiƱas City, Philippines : _bSouthville International School and Colleges, _c2004. |
||
| 300 |
_aUnpaged : _billustrations ; _c28 cm. |
||
| 504 | _aIncludes bibliographical references. | ||
| 650 | _aVideo games and children. | ||
| 650 |
_aVideo games _vPsychological aspects. |
||
| 650 |
_aStudents _vStudy habits. |
||
| 650 |
_aAcademic achievement _vInfluence of video games. |
||
| 650 |
_aChildren _vEffect of digital media. |
||
| 942 |
_2lcc _cPASS |
||
| 999 |
_c96966 _d96966 |
||